000 00842nam a22002177a 4500
008 081222t xxu||||| |||| 00| 0 eng d
010 _aENG-92251
020 _c100.00
035 _aEN-75784
037 _bDBAD / PUB
040 _adpl
_bEnglish
082 _a260.44
100 _a Bhai Vir Singh
245 _aGur Balam Sakhian:
_cby Bhai Sahib Bhai Vir Singh; translated by M.L. Mongia
_bstories of beloved Guru Nanak /
260 _bBhai Vir Singh Sahitya Sadan
_aNew Delhi
_c2007
270 _aBhai Vir Singh Marg,
_bNew Delhi
_e110001
300 _a207p.
_c21cm (pbk)
700 _aMongia, M.L.
942 _2ddc
_cEN
_mBHA
_h260.44
999 _c20122
_d20122